000 00763nam a22001337a 4500
008 110615t xxu||||| |||| 00| 0 eng d
010 _aCACAF41
245 _aCourt of Appeal Criminal Appeal No. 24 /97 Bahemuka Patrick and another Vs Uganda.
260 _c1997
500 _aCoram: The Hon. Mr. Justice G.M. Okello, JA. , The Hon. Mr. Justice A. Twinomujuni, JA. , The Hon. Lady Justice C.N.B. Kitumba, JA.
500 _aA appeal From the judgment of the High Court of Uganda at Fort Portal (Kireju, J.) dated 11th January , 1994 in Cr. S.C. No . 388 of 1991
999 _c2970
_d2970